000 00455nam a22001937a 4500
003 koha_MIRAKIL
005 20231213100310.0
008 231213b |||||||| |||| 00| 0 ||| d
020 _b978-1-40626522-4
040 _aTR-IsEVY
_btur
_cTR-IsEVY
082 _a420 DAL/S
100 _aDale, Jay.
245 0 _aStuck at the top
260 _bRaintree,
_c2013
300 _a16 s.
650 _aCommunity.
650 _aMe / family.
942 _2ddc
_cBK
999 _c17725
_d17725